Poruchy výživy u Alzheimerovy nemoci a možnosti jejich ovlivnění

Bibliographic Details
Main Author: Těšínský, Pavel jr. 1958- (Author)
Format: Article
Language:Slovak
Czech
ISSN:1335-9592
Subjects:

MARC

LEADER 00000nab a2200000 a 4500
001 vtls001517309
003 SK-MaSNL
005 20260304135011.0
008 250505c2004 xo 0 slo
015 |a SNBCL2005/2 
035 |a SLK030202 
035 |a urn:nbn:sk:snk-ab94tb 
035 |a (urnnbn)urn:nbn:sk:snk:ar-006m4v 
035 |a (uuid)0014805e-6434-4ba5-8246-6d04c6a8b181 
040 |a SNKBUCL  |b slo  |c SNKBUCL  |e AACR2 
041 0 |a cze 
044 |a xo  |c SK 
080 |a 616.894-053.8:612.395.6  |2 1981 
100 1 |a Těšínský, Pavel  |c jr.  |d 1958-  |u Metabolická jednotka intenzivní péče, II. interní klinika, FN KV a 3. LF UK, Praha, ČR  |4 aut  |9 1453646 
245 1 0 |a Poruchy výživy u Alzheimerovy nemoci a možnosti jejich ovlivnění  |c Pavel Těšínský jr. 
504 |a Res. čes. 
504 |a Bibliogr. odkazy 
650 0 7 |a Alzheimerova choroba  |2 MESH  |9 2416 
650 0 7 |a demencia  |2 MESH  |9 2444 
650 0 7 |a poruchy výživy  |2 MESH  |9 2525 
650 0 7 |a podvýživa  |2 MESH  |9 20450 
650 0 7 |a energetický metabolizmus  |2 MESH  |9 85476 
773 0 |t Neurológia pre prax  |g Roč. 5, č. 5 (2004), s. 273-276  |x 1335-9592 
850 |a Slovenská národná knižnica 
852 |a Slovenská národná knižnica 
954 |a odborná, vedecká literatúra pôvodná (slovenská)  |2 lita 
954 |a odborná, vedecká literatúra cudzojazyčná (svetová)  |2 lita 
958 |a article13 
958 |a OND 
958 |a EUIPO 
999 |c 2909021  |d 2910951